| 000 | 00494nam a22001457a 4500 | ||
|---|---|---|---|
| 999 |
_c110026 _d110026 |
||
| 005 | 20190117110956.0 | ||
| 008 | 190102b ||||| |||| 00| 0 eng d | ||
| 040 | _cPK-LaUMT | ||
| 082 |
_a348.5491016 _bALP- |
||
| 245 |
_aAlphabetical catalogue of federal laws of Pakistan 1836 to 2014 / _ccompiled by Senator Ch. Muhammad Anwar Bhinder |
||
| 260 |
_aIslamabad : _bSenate of Pakistan. Parliament House, _c2016 |
||
| 300 | _a988 p. | ||
| 650 | _aCatalogue-Federal Laws of Pakistan | ||
| 942 | _cBK | ||